000 00631nam a2200193Ia 4500
003 LK-CoDNM
005 20240227143608.0
008 010623t1903 xxu||||| |||| 00| 1 sin d
040 _aLK-CoDNM
_dLK-CoDNM
_eLK-CoDNM
041 _asin
080 _a104 V14
245 _aබයිබලය සම්බන්ධ දේශනවල සිතුයම් සහිත ගමන් විස්තරය
246 _aPectorial tour round bible lands
260 _bThe christian literature society
_aColombo
_c1903
300 _bDamaged
_a119p., iill, 28 cm
650 _aAsian country
650 _aUropian country
942 _cBK
999 _c85654
_d85654